[Event "Karelian Autumn op-B"]
[Site "Petrozavodsk"]
[Date "2009.10.15"]
[Round "7"]
[White "Makarov, Pavel"]
[Black "Krasyakov, Anton A"]
[Result "1-0"]
[WhiteElo "1966"]
[BlackElo "1990"]
[PlyCount "71"]
[EventDate "2009.10.10"]
[EventType "swiss"]
[EventRounds "9"]
[EventCountry "RUS"]
[SourceTitle "EXT 2022"]
[Source "ChessBase"]
[SourceDate "2021.10.06"]
[SourceVersion "1"]
[SourceVersionDate "2021.10.06"]
[SourceQuality "1"]

1. d4 Nf6 2. Nf3 e6 3. e3 d5 4. Bd3 Bd6 5. b3 0-0 6. Bb2 c5 7. 0-0 cxd4 8. exd4 Nc6 9. a3 Nh5 10. g3 f5 11. Ne5 Nf6 12. Nd2 Qc7 13. Ndf3 Ne4 14. Qe2 Bd7 15. Nxd7 Qxd7 16. Ne5 Nxe5 17. dxe5 Bc5 18. Rad1 Qe7 19. b4 Bb6 20. c4 Qg5 21. c5 Bc7 22. f3 Nxg3 23. hxg3 Qxg3+ 24. Kh1 a5 25. b5 d4 26. f4 Rad8 27. Qg2 Qh4+ 28. Kg1 b6 29. c6 Qe7 30. Bc4 Rfe8 31. Bxd4 Qxa3 32. Qf3 Qe7 33. Bf2 Rxd1 34. Rxd1 Rd8 35. Rxd8+ Qxd8 36. Qd3 1-0

[Event "Karelia-ch 62nd"]
[Site "Petrozavodsk"]
[Date "2009.02.22"]
[Round "2"]
[White "Krasyakov, Anton A"]
[Black "Popelyshev, Igor Viktorovich"]
[Result "0-1"]
[WhiteElo "1920"]
[BlackElo "2159"]
[PlyCount "68"]
[EventDate "2009.02.21"]
[EventType "swiss"]
[EventRounds "9"]
[EventCountry "RUS"]
[SourceTitle "CBM 129 Extra"]
[Source "ChessBase"]
[SourceDate "2009.05.05"]
[SourceVersion "2"]
[SourceVersionDate "2009.05.20"]
[SourceQuality "1"]

1. e4 c5 2. Nf3 Nc6 3. d4 cxd4 4. Nxd4 e5 5. Nb5 a6 6. Nd6+ Bxd6 7. Qxd6 Qf6 8. Qxf6 Nxf6 9. f3 d5 10. Nc3 dxe4 11. Nxe4 Nxe4 12. fxe4 Nb4 13. Bd3 Be6 14. Bd2 Nxd3+ 15. cxd3 0-0-0 16. Ke2 b6 17. Bc3 f6 18. h3 Rd7 19. Rac1 Kb7 20. b3 Rhd8 21. Rhd1 h5 22. Ke3 a5 23. d4 exd4+ 24. Rxd4 Rxd4 25. Bxd4 Re8 26. Kf3 Bd7 27. Kf4 g5+ 28. Kf3 Bc6 29. Bxf6 Rxe4 30. Rxc6 Rf4+ 31. Ke3 Kxc6 32. Bxg5 Rf5 33. Bh4 Rf1 34. g4 Rh1 0-1

[Event "Petrozavodsk A2"]
[Site "Petrozavodsk"]
[Date "2008.10.14"]
[Round "7"]
[White "Krasyakov, Anton A"]
[Black "Savolainen, Lev P"]
[Result "0-1"]
[WhiteElo "1920"]
[BlackElo "2190"]
[PlyCount "72"]
[EventDate "2008.10.08"]
[EventType "tourn"]
[EventRounds "11"]
[EventCountry "RUS"]
[SourceTitle "EXT 2011"]
[Source "ChessBase"]
[SourceDate "2010.11.26"]
[SourceVersion "1"]
[SourceVersionDate "2010.11.26"]
[SourceQuality "1"]

1. d4 d5 2. c4 e6 3. Nc3 Nf6 4. Bg5 Nbd7 5. Nf3 c6 6. e3 Qa5 7. Nd2 Ne4 8. Ndxe4 dxe4 9. Bh4 Bb4 10. Qc2 0-0 11. Be2 e5 12. 0-0 exd4 13. exd4 Bxc3 14. bxc3 Re8 15. Rfe1 Nb6 16. Rab1 Qf5 17. Bd3 Qh5 18. Bxe4 f5 19. Bf3 Rxe1+ 20. Rxe1 Qxh4 21. c5 Nd5 22. Qb3 Qd8 23. Re5 Kh8 24. Bxd5 cxd5 25. Rxd5 Qg8 26. c4 Be6 27. Re5 Bxc4 28. Qf3 Re8 29. Qxb7 Rb8 30. Qe7 Rb1+ 31. Re1 Rxe1+ 32. Qxe1 Qe6 33. Qxe6 Bxe6 34. Kf1 Kg8 35. Ke2 Bxa2 36. Kd3 Kf7 0-1

[Event "Petrozavodsk Elo-C"]
[Site "Petrozavodsk"]
[Date "2007.10.14"]
[Round "5"]
[White "Kravtchenko, Vladimir G"]
[Black "Krasyakov, Anton A"]
[Result "1-0"]
[WhiteElo "2141"]
[BlackElo "2005"]
[PlyCount "107"]
[EventDate "2007.10.11"]
[EventType "tourn"]
[EventRounds "9"]
[EventCountry "RUS"]
[SourceTitle "EXT 2009"]
[Source "ChessBase"]
[SourceDate "2008.11.26"]
[SourceVersion "1"]
[SourceVersionDate "2008.11.26"]
[SourceQuality "1"]

1. c4 e5 2. Nc3 Nf6 3. g3 c6 4. Nf3 e4 5. Nd4 d5 6. d3 Bb4 7. Bg2 c5 8. Nc2 Bxc3+ 9. bxc3 dxc4 10. dxe4 Qxd1+ 11. Kxd1 Be6 12. f4 Nc6 13. Ne3 Rd8+ 14. Ke1 0-0 15. f5 Bc8 16. Nxc4 b5 17. Nb2 Rde8 18. Nd3 Nxe4 19. Nxc5 Bxf5 20. Rf1 Nxc3 21. Rxf5 Nd4 22. Rf2 Nc2+ 23. Kd2 Nxa1 24. Kxc3 Re5 25. Nd3 Rc8+ 26. Kb2 Rc2+ 27. Kxa1 Rexe2 28. Rxe2 Rxe2 29. Nf4 Re1 30. Kb1 a5 31. Bc6 b4 32. Kc2 g5 33. Ng2 Re2+ 34. Bd2 h6 35. Kd3 Rf2 36. Ke3 Rf6 37. Ba4 Re6+ 38. Kf3 Rf6+ 39. Ke2 Re6+ 40. Be3 Kg7 41. Kf3 f6 42. Bd4 Rd6 43. Ne3 Kg6 44. Bc2+ Kf7 45. Nf5 Rd8 46. Nxh6+ Ke7 47. Bb3 Ke8 48. Nf5 Kf8 49. Kg4 Ra8 50. Bd5 Ra6 51. Kh5 a4 52. Bc5+ Ke8 53. Bxb4 Rb6 54. a3 1-0